000 00286nam a22001217a 4500
040 _cHS
082 _a484
100 _aនុត ចន្ថា
245 _aការងាររដ្ឋបាល
260 _aRUA
_bនុត ចន្ថា
_c2008
300 _a39p;
942 _cKB
999 _c10117
_d10117